000
00195 a2200097 4500
020
_a
9781401309237
041
_a
spa
100
_a
Mitch Albom
245
_a
Martes cin mi viejo profesor
942
_c
BK
999
_c
8842
_d
8842